| 000 | 01189nam a2200361 a 4500 | ||
|---|---|---|---|
| 001 | 26275 | ||
| 003 | CO-ViMGA | ||
| 005 | 20230915232154.0 | ||
| 006 | Mimo0002211771 | ||
| 008 | 141112s2004 ck r 000 u spa d | ||
| 015 | _aMON0708 - 52937 | ||
| 016 | _abimoBNE20070562766 SpMaBN | ||
| 017 | _aB 24740 - 2007 Oficina Depósito Legal Barcelona | ||
| 020 | _a9788426135919 | ||
| 035 | _a(OCoLC)434182363 | ||
| 040 |
_aCO-ViMGA _bspa _cCO-ViMGA |
||
| 041 |
_aspa _beng |
||
| 080 | _a087.5 | ||
| 090 | _aBANKz | ||
| 100 | 1 |
_aBanks, Kate _941018 |
|
| 240 | _aFox Español | ||
| 245 | 1 | 0 |
_aEl zorrito / _cKate Banks ; ilustraciones de Georg Hallensleben ; [traducción, Èlodie Bourgeois Bertín] |
| 250 | _a1a. ed. | ||
| 260 | _aBarcelona Juventud 2007 | ||
| 300 | _a[36] p. il. col. 26 cm | ||
| 594 | _aTraducción de : Fox | ||
| 650 | 1 | 4 |
_aCuentos infantiles estadounidenses _9823 |
| 700 | 1 |
_aHallensleben, Georg _941019 |
|
| 926 | _aBNALCALA SG_PETANTI 12/444525 FONDO_MODE 1 | ||
| 942 |
_2ddc _cBK |
||
| 956 | _a2 | ||
| 980 | _a017. B 24740 - 2007 020. 978 - 84 - 261 - 3591 - 9 (ISBN único) 852. 40 M - BN BNALCALA MO05204317 AHMo/283079 AH SG_PETANTI | ||
| 999 |
_c33455 _d33455 |
||